[Event "19. Open de Sants Hostafrancs 2017"]
[Site "Barcelona ESP"]
[Date "2017.08.21"]
[Round "4.38"]
[White "Ramesh, R B."]
[Black "Montilla Carrillo, Esteban"]
[Result "1-0"]
[WhiteElo "2470"]
[BlackElo "2228"]
[PlyCount "61"]
[EventDate "2017.08.18"]
[EventType "swiss"]
[EventRounds "10"]
[EventCountry "ESP"]
[SourceTitle "Ajedrez en Madrid"]
[Source "lmi"]
[SourceDate "2017.08.18"]

1. e4 c5 2. Nf3 d6 3. d4 cxd4 4. Nxd4 Nf6 5. Nc3 a6 6. a3 e5 7. Nf5 d5 8. Bg5
d4 9. Bxf6 gxf6 10. Na2 Be6 11. Bd3 Nc6 12. O-O h5 13. Qf3 Qd7 14. b4 Ne7 15.
c4 Ng6 16. g3 h4 17. c5 Bh6 18. b5 Kf8 19. bxa6 bxa6 20. Nb4 hxg3 21. fxg3 Rc8
22. c6 Qa7 23. Nxh6 Rxh6 24. Qxf6 Kg8 25. Bxa6 Rc7 26. Bb7 Rxb7 27. cxb7 Qxb7
28. Rae1 Kh7 29. Qg5 Qa8 30. Rf3 Qa4 31. Ref1 1-0

[Event "19. Open de Sants Hostafrancs 2017"]
[Site "Barcelona ESP"]
[Date "2017.08.21"]
[Round "4.39"]
[White "Serarols Mabras, Bernat"]
[Black "Gonzalez Acosta, Bernal"]
[Result "1/2-1/2"]
[WhiteElo "2218"]
[BlackElo "2467"]
[PlyCount "80"]
[EventDate "2017.08.18"]
[EventType "swiss"]
[EventRounds "10"]
[EventCountry "ESP"]
[SourceTitle "Ajedrez en Madrid"]
[Source "lmi"]
[SourceDate "2017.08.18"]

1. d4 Nf6 2. c4 c5 3. d5 b5 4. cxb5 a6 5. bxa6 d6 6. Nc3 Bxa6 7. Nf3 g6 8. g3
Bg7 9. Bg2 Nbd7 10. Rb1 O-O 11. O-O Qa5 12. Bd2 Bb7 13. Re1 Qa7 14. e4 Ng4 15.
Bg5 Rfe8 16. Nb5 Qb6 17. a4 c4 18. Nfd4 Nge5 19. Be3 Nc5 20. b3 Ba6 21. Bf1
Bxb5 22. Nxb5 cxb3 23. Bxc5 Qxc5 24. Qxb3 Rec8 25. Bh3 Rcb8 26. Rec1 Qb6 27.
Rc2 h5 28. Kg2 Ra5 29. f4 Ng4 30. Bxg4 hxg4 31. Rc6 Qd8 32. Rbc1 Bf6 33. R1c4
Rba8 34. Qc2 Kg7 35. Rc7 Qh8 36. Qd1 Qh3+ 37. Kg1 g5 38. e5 dxe5 39. fxg5 Bxg5
40. Rxg4 Rxa4 1/2-1/2

[Event "19. Open de Sants Hostafrancs 2017"]
[Site "Barcelona ESP"]
[Date "2017.08.21"]
[Round "4.40"]
[White "Collins, Sam E"]
[Black "Ventura Bolet, Maxim"]
[Result "1/2-1/2"]
[WhiteElo "2443"]
[BlackElo "2228"]
[PlyCount "184"]
[EventDate "2017.08.18"]
[EventType "swiss"]
[EventRounds "10"]
[EventCountry "ESP"]
[SourceTitle "Ajedrez en Madrid"]
[Source "lmi"]
[SourceDate "2017.08.18"]

1. d4 d5 2. c4 dxc4 3. e4 Nf6 4. e5 Nd5 5. Bxc4 Nb6 6. Bb3 Nc6 7. Ne2 Bf5 8.
Nbc3 e6 9. O-O Be7 10. Be3 O-O 11. a3 Qd7 12. Bc2 Bg6 13. Bxg6 hxg6 14. Qc2 Nc4
15. Ne4 Nxe3 16. fxe3 Rac8 17. Rad1 Nb8 18. N2c3 c6 19. Rf3 Qe8 20. g4 c5 21.
g5 cxd4 22. exd4 Qd8 23. Qg2 Rc4 24. Rfd3 Nc6 25. b3 Rxc3 26. Nxc3 Bxg5 27. Ne4
Bh6 28. Nd6 Qh4 29. Kh1 Ne7 30. Nxb7 Nd5 31. Qg3 Qe4+ 32. Qf3 Qh4 33. Qg3 Qe4+
34. Qf3 Qh4 35. Nd6 Nf4 36. Qg3 Qd8 37. Rf3 Qa8 38. h4 Qc6 39. Rdf1 Qd5 40. Kh2
Ne2 41. Qf2 Nxd4 42. Rxf7 Qxe5+ 43. Kh3 Nf5 44. Rxf8+ Kxf8 45. Nc4 Qe4 46. Re1
Qd3+ 47. Kg2 Kg8 48. Ne5 Qd5+ 49. Nf3 Qxb3 50. Qxa7 Qb2+ 51. Kh3 Qb3 52. Qa8+
Kh7 53. a4 Nd4 54. Kg4 Nxf3 55. Qxf3 Qxa4+ 56. Qe4 Qxe4+ 57. Rxe4 Bd2 58. Rxe6
Bc3 59. Re8 Bf6 60. Rf8 Bc3 61. Kg5 Bf6+ 62. Kg4 Bc3 63. Rc8 Bf6 64. Rc4 Bb2
65. Rc6 Bd4 66. Ra6 Bc3 67. Ra3 Bb2 68. Rh3 Bf6 69. Rh1 Bc3 70. h5 gxh5+ 71.
Rxh5+ Kg6 72. Rg5+ Kf7 73. Kf5 Bf6 74. Rg6 Ke7 75. Rg2 Kf7 76. Rg4 Kf8 77. Kg6
Ke7 78. Re4+ Kf8 79. Re3 Bd4 80. Rd3 Bf6 81. Rd7 Ke8 82. Rb7 Kf8 83. Rf7+ Ke8
84. Rb7 Kf8 85. Rc7 Ke8 86. Kf5 Kf8 87. Kg6 Ke8 88. Rf7 Bc3 89. Ra7 Bf6 90. Kh7
Kf8 91. Rb7 Be5 92. Kg6 Bf6 1/2-1/2

[Event "19. Open de Sants Hostafrancs 2017"]
[Site "Barcelona ESP"]
[Date "2017.08.21"]
[Round "4.41"]
[White "Jordan Martinez, Miguel"]
[Black "Sundararajan, Kidambi"]
[Result "1/2-1/2"]
[WhiteElo "2212"]
[BlackElo "2422"]
[PlyCount "94"]
[EventDate "2017.08.18"]
[EventType "swiss"]
[EventRounds "10"]
[EventCountry "ESP"]
[SourceTitle "Ajedrez en Madrid"]
[Source "lmi"]
[SourceDate "2017.08.18"]

1. e4 c5 2. b3 Nf6 3. Nc3 Nc6 4. Bb2 e6 5. Nf3 d5 6. exd5 exd5 7. d4 Bg4 8.
dxc5 Bxc5 9. Be2 O-O 10. O-O a6 11. Na4 Ba7 12. c4 dxc4 13. bxc4 Re8 14. h3
Qxd1 15. Bxd1 Be6 16. Bxf6 gxf6 17. c5 Nb4 18. Bb3 Bxb3 19. axb3 Nd3 20. b4
Nxb4 21. Rab1 a5 22. Rfd1 Rad8 23. Nd4 Na6 24. Nb3 Rxd1+ 25. Rxd1 Re4 26. Ra1
Rb4 27. Nxa5 Nxc5 28. Nc3 Nd3 29. Nd5 Bxf2+ 30. Kf1 Rb5 31. Nxf6+ Kg7 32. Ne8+
Kg6 33. Nd6 Rd5 34. Naxb7 Bg3 35. Ra6 f6 36. Ne4 Be5 37. g3 Rd4 38. Nbd6 Nb4
39. Rb6 Nd5 40. Rc6 Nb4 41. Rb6 Nd5 42. Rc6 Ne7 43. Rc4 Rxd6 44. Nxd6 Bxd6 45.
Kf2 h6 46. Kf3 Be5 47. g4 Kg5 1/2-1/2

[Event "19. Open de Sants Hostafrancs 2017"]
[Site "Barcelona ESP"]
[Date "2017.08.21"]
[Round "4.42"]
[White "Sole Pijuan, Ferran"]
[Black "Valdes Romero, Leonardo"]
[Result "1/2-1/2"]
[WhiteElo "2216"]
[BlackElo "2415"]
[PlyCount "171"]
[EventDate "2017.08.18"]
[EventType "swiss"]
[EventRounds "10"]
[EventCountry "ESP"]
[SourceTitle "Ajedrez en Madrid"]
[Source "lmi"]
[SourceDate "2017.08.18"]

1. d4 Nf6 2. c4 g6 3. Nc3 d5 4. cxd5 Nxd5 5. Bd2 Bg7 6. e4 Nxc3 7. Bxc3 O-O 8.
Nf3 Bg4 9. Be2 c5 10. d5 e6 11. Bxg7 Kxg7 12. dxe6 Qxd1+ 13. Rxd1 Bxe6 14. a3
Nc6 15. O-O Rac8 16. Bb5 Bg4 17. Bxc6 Rxc6 18. Rd5 Rb6 19. Rxc5 Rxb2 20. Ne5
Be6 21. f4 Rd8 22. Rc3 Rdd2 23. Rg3 Kf8 24. f5 gxf5 25. exf5 Bd5 26. Nf3 Bxf3
27. Rfxf3 Rd1+ 28. Rf1 Rxf1+ 29. Kxf1 Ke7 30. Rh3 Ra2 31. g4 Kf8 32. f6 Kg8 33.
g5 h6 34. g6 fxg6 35. Rxh6 Kf7 36. Rh7+ Kxf6 37. Rxb7 Rxa3 38. Kg2 Kg5 39. Rb5+
Kh4 40. Rb4+ Kh5 41. Rb7 a6 42. Rb6 Kg5 43. Rc6 Ra4 44. Kg3 Rg4+ 45. Kh3 Ra4
46. Kg3 Ra3+ 47. Kg2 Kh5 48. Rb6 Ra5 49. Kg3 Rg5+ 50. Kh3 a5 51. Ra6 Rb5 52.
Ra8 Kg5 53. Kg3 Kf5 54. Kf3 g5 55. Ra7 Re5 56. Ra6 Rd5 57. Ra8 Ke5 58. Ke3 Kd6
59. Ra6+ Kc7 60. Ke4 Rb5 61. Kd4 Kb7 62. Rg6 a4 63. Rf6 Ra5 64. Rf2 a3 65. Ra2
Kc6 66. Kc4 g4 67. Kb3 Kb6 68. Kc4 Ra4+ 69. Kb3 Kb5 70. Kc2 Kc4 71. Kb1 Kb3 72.
Rg2 Rf4 73. Rg1 Rf3 74. Re1 Rh3 75. Rg1 Rd3 76. Re1 Rf3 77. Rg1 Re3 78. Rf1 Re4
79. Rg1 a2+ 80. Ka1 Kc2 81. Rg3 Ra4 82. h3 gxh3 83. Rxh3 Ra8 84. Rh2+ Kc1 85.
Rxa2 Rxa2+ 86. Kxa2 1/2-1/2

[Event "19. Open de Sants Hostafrancs 2017"]
[Site "Barcelona ESP"]
[Date "2017.08.21"]
[Round "4.43"]
[White "Minko, Vladimir"]
[Black "Raahul, V S."]
[Result "1/2-1/2"]
[WhiteElo "2411"]
[BlackElo "2224"]
[PlyCount "35"]
[EventDate "2017.08.18"]
[EventType "swiss"]
[EventRounds "10"]
[EventCountry "ESP"]
[SourceTitle "Ajedrez en Madrid"]
[Source "lmi"]
[SourceDate "2017.08.18"]

1. d4 Nf6 2. c4 g6 3. g3 Bg7 4. Bg2 O-O 5. Nf3 d6 6. Nc3 Nc6 7. O-O a6 8. b3
Rb8 9. Bb2 b5 10. cxb5 axb5 11. Qc2 Nb4 12. Qd2 Bb7 13. e4 Na6 14. e5 dxe5 15.
dxe5 Ng4 16. e6 Qxd2 17. Nxd2 Bxg2 18. Kxg2 1/2-1/2

[Event "19. Open de Sants Hostafrancs 2017"]
[Site "Barcelona ESP"]
[Date "2017.08.21"]
[Round "4.44"]
[White "Mu, Ke"]
[Black "Hinrichs, Lars"]
[Result "1-0"]
[WhiteElo "2411"]
[BlackElo "2207"]
[PlyCount "41"]
[EventDate "2017.08.18"]
[EventType "swiss"]
[EventRounds "10"]
[EventCountry "ESP"]
[SourceTitle "Ajedrez en Madrid"]
[Source "lmi"]
[SourceDate "2017.08.18"]

1. c4 d6 2. d4 e5 3. e3 Nf6 4. Nc3 exd4 5. exd4 Be7 6. Bd3 O-O 7. h3 Re8 8. Nf3
d5 9. O-O Nbd7 10. a3 dxc4 11. Bxc4 Nb6 12. Bb3 Nbd5 13. Re1 h6 14. Qd3 Be6 15.
Bxh6 Nb4 16. Qd1 Bxb3 17. Qxb3 Nd3 18. Re3 Nxf2 19. Bg5 N2e4 20. Nxe4 Nxe4 21.
Rxe4 1-0

[Event "19. Open de Sants Hostafrancs 2017"]
[Site "Barcelona ESP"]
[Date "2017.08.21"]
[Round "4.45"]
[White "Laustsen, Lars"]
[Black "Gual Pascual, Antonio"]
[Result "1-0"]
[WhiteElo "2204"]
[BlackElo "2404"]
[PlyCount "49"]
[EventDate "2017.08.18"]
[EventType "swiss"]
[EventRounds "10"]
[EventCountry "ESP"]
[SourceTitle "Ajedrez en Madrid"]
[Source "lmi"]
[SourceDate "2017.08.18"]

1. d4 g6 2. c4 Bg7 3. Nf3 d6 4. Nc3 Bg4 5. g3 Bxf3 6. exf3 e6 7. d5 exd5 8.
cxd5 Ne7 9. Bh3 O-O 10. O-O Nd7 11. Re1 Nf6 12. Qb3 Re8 13. Bf4 a5 14. a4 Ra6
15. Rad1 Rb6 16. Nb5 Nexd5 17. Rxe8+ Nxe8 18. Rxd5 c6 19. Rd1 cxb5 20. axb5 Nc7
21. Bf1 d5 22. Bc4 Ne6 23. Rxd5 Qf6 24. Be3 a4 25. Qxa4 1-0

[Event "19. Open de Sants Hostafrancs 2017"]
[Site "Barcelona ESP"]
[Date "2017.08.21"]
[Round "4.46"]
[White "Gueci, Tea"]
[Black "Mihajlov, Sebastian"]
[Result "0-1"]
[WhiteElo "2200"]
[BlackElo "2399"]
[PlyCount "84"]
[EventDate "2017.08.18"]
[EventType "swiss"]
[EventRounds "10"]
[EventCountry "ESP"]
[SourceTitle "Ajedrez en Madrid"]
[Source "lmi"]
[SourceDate "2017.08.18"]

1. e4 e6 2. d4 d5 3. Nd2 a6 4. Ngf3 c5 5. dxc5 Bxc5 6. Bd3 Nc6 7. a3 Nf6 8. O-O
Qc7 9. b4 Be7 10. Bb2 O-O 11. Re1 b5 12. e5 Nd7 13. Nb3 Nb6 14. Nfd4 Nc4 15.
Nxc6 Qxc6 16. Bd4 a5 17. Nc5 g6 18. Qe2 Rb8 19. c3 Bg5 20. Qg4 Bh6 21. Qh4 Bg7
22. f4 Ra8 23. Qf2 Bd7 24. h4 h5 25. g4 hxg4 26. h5 Be8 27. Qh2 gxh5 28. Bb1
Ra7 29. Qc2 f5 30. exf6 Bxf6 31. Rxe6 Bxd4+ 32. cxd4 Qc8 33. f5 Qb8 34. Qg2 Bf7
35. Ra2 Qf4 36. Rf2 Qxd4 37. Re1 Ne3 38. Qg3 Nd1 39. Nb3 Qxf2+ 40. Qxf2 Nxf2
41. Kxf2 axb4 42. axb4 Ra4 0-1

[Event "19. Open de Sants Hostafrancs 2017"]
[Site "Barcelona ESP"]
[Date "2017.08.21"]
[Round "4.47"]
[White "Quirhuayo Chumbe, German Gonza"]
[Black "Gomez Dieguez, David"]
[Result "1-0"]
[WhiteElo "2397"]
[BlackElo "2199"]
[PlyCount "123"]
[EventDate "2017.08.18"]
[EventType "swiss"]
[EventRounds "10"]
[EventCountry "ESP"]
[SourceTitle "Ajedrez en Madrid"]
[Source "lmi"]
[SourceDate "2017.08.18"]

1. e4 e5 2. Nf3 Nc6 3. Bb5 a6 4. Ba4 Nf6 5. d3 Bc5 6. O-O b5 7. Bb3 d6 8. a4
Na5 9. axb5 Nxb3 10. cxb3 O-O 11. Nc3 Bb7 12. bxa6 Bxa6 13. Bg5 c6 14. Qd2 h6
15. Bh4 Qe7 16. Rfe1 Bb7 17. Rad1 Rfd8 18. Qc1 Rab8 19. d4 Ba7 20. Ne2 c5 21.
d5 Bc8 22. Rd3 Rb4 23. Ng3 Kh7 24. Nh5 Bg4 25. Bxf6 gxf6 26. Ng3 Rdb8 27. Nh4
Rxb3 28. Ngf5 Qf8 29. Rxb3 Rxb3 30. Re3 c4 31. Rxb3 cxb3 32. Qc7 Bc5 33. h3 Bh5
34. Ng3 Bd1 35. Nhf5 Kg6 36. Qd7 Kh7 37. Kf1 Kg6 38. Ke1 Bc2 39. Ne7+ Kg7 40.
Nh5+ Kh8 41. Nxf6 Qa8 42. Qc8+ Qxc8 43. Nxc8 Bd3 44. Kd2 Ba6 45. Ne7 Bd4 46.
Kc1 Bxf2 47. Nf5 Bd3 48. Kd2 Bf1 49. g4 Bxh3 50. Kc3 Bb6 51. Nxd6 Kg7 52. Nde8+
Kf8 53. Kxb3 Bg2 54. Kc4 Bf1+ 55. Kb4 Ke7 56. d6+ Ke6 57. Nd5 Bd8 58. Kc5 Bg2
59. Nec7+ Bxc7 60. dxc7 Kd7 61. Kb6 h5 62. Kb7 1-0

[Event "19. Open de Sants Hostafrancs 2017"]
[Site "Barcelona ESP"]
[Date "2017.08.21"]
[Round "4.48"]
[White "Duran Vega, Sergio"]
[Black "Campos Olaya, Israel"]
[Result "0-1"]
[WhiteElo "2389"]
[BlackElo "2189"]
[PlyCount "52"]
[EventDate "2017.08.18"]
[EventType "swiss"]
[EventRounds "10"]
[EventCountry "ESP"]
[SourceTitle "Ajedrez en Madrid"]
[Source "lmi"]
[SourceDate "2017.08.18"]

1. d4 Nf6 2. c4 g6 3. Nc3 Bg7 4. e4 d6 5. Bd3 O-O 6. Nge2 e5 7. d5 a5 8. O-O
Na6 9. Bg5 h6 10. Bh4 g5 11. Bg3 Nh5 12. a3 Bd7 13. Bc2 Nf4 14. f3 h5 15. Bf2
h4 16. h3 Qf6 17. Nxf4 gxf4 18. Qe1 Qg6 19. Kh2 Bf6 20. Bxh4 Bxh4 21. Qxh4 Kg7
22. g4 Rh8 23. Qf2 Bxg4 24. Qg2 Bxh3 25. Qxg6+ Kxg6 26. Rf2 Kf6 0-1

[Event "19. Open de Sants Hostafrancs 2017"]
[Site "Barcelona ESP"]
[Date "2017.08.21"]
[Round "4.49"]
[White "Hill, Alistair"]
[Black "Pfreundt, Jakob"]
[Result "0-1"]
[WhiteElo "2192"]
[BlackElo "2388"]
[PlyCount "74"]
[EventDate "2017.08.18"]
[EventType "swiss"]
[EventRounds "10"]
[EventCountry "ESP"]
[SourceTitle "Ajedrez en Madrid"]
[Source "lmi"]
[SourceDate "2017.08.18"]

1. Nf3 Nf6 2. c4 e6 3. g3 d5 4. Bg2 Be7 5. O-O O-O 6. b3 b6 7. Bb2 Bb7 8. cxd5
exd5 9. d4 Re8 10. Nc3 Nbd7 11. e3 a6 12. Qe2 Bd6 13. Rfd1 Qe7 14. Rac1 Rad8
15. Nh4 g6 16. Bf3 Ne4 17. Qf1 f5 18. Nxe4 fxe4 19. Be2 Ra8 20. Rc2 Nf6 21.
Rdc1 Bc8 22. a4 Rf8 23. a5 b5 24. Rc5 g5 25. Ng2 Bh3 26. R1c2 Qf7 27. Bd1 Ng4
28. Bxg4 Bxg4 29. Ba3 Qf5 30. Ne1 Rf6 31. Bc1 Rf7 32. Rc6 h5 33. Ng2 h4 34.
Rxd6 cxd6 35. Ba3 hxg3 36. hxg3 Bf3 37. Ne1 Rh7 0-1

[Event "19. Open de Sants Hostafrancs 2017"]
[Site "Barcelona ESP"]
[Date "2017.08.21"]
[Round "4.50"]
[White "Di Trapani, Davide"]
[Black "Flick, Antoine"]
[Result "1/2-1/2"]
[WhiteElo "2188"]
[BlackElo "2371"]
[PlyCount "82"]
[EventDate "2017.08.18"]
[EventType "swiss"]
[EventRounds "10"]
[EventCountry "ESP"]
[SourceTitle "Ajedrez en Madrid"]
[Source "lmi"]
[SourceDate "2017.08.18"]

1. d4 d5 2. Bg5 h6 3. Bh4 c6 4. Nf3 Qb6 5. Qc1 Bf5 6. e3 Nd7 7. c4 e6 8. Nc3
Ngf6 9. Be2 Be7 10. O-O O-O 11. c5 Qc7 12. Bg3 Qc8 13. b4 b6 14. Qd2 Bd8 15.
Bd6 Re8 16. Ne5 Be7 17. Bxe7 Rxe7 18. f4 Nxe5 19. fxe5 Ne4 20. Nxe4 Bxe4 21.
Rf2 Bg6 22. Qc3 Qb7 23. Rc1 b5 24. a4 a6 25. Ra1 Rb8 26. Bf1 Qc8 27. Ra3 Rc7
28. Qa1 Qe8 29. axb5 axb5 30. Rfa2 Kh7 31. Be2 Qd8 32. Ra8 Rcb7 33. R2a6 Qe8
34. Qa5 Rxa8 35. Rxa8 Rb8 36. Rxb8 Qxb8 37. Qa6 Qe8 38. Qb7 Bc2 39. Bxb5 cxb5
40. c6 Qd8 41. Qxf7 Qa8 1/2-1/2

[Event "19. Open de Sants Hostafrancs 2017"]
[Site "Barcelona ESP"]
[Date "2017.08.21"]
[Round "4.51"]
[White "Saber, Yasser"]
[Black "Tsolakidou, Stavroula"]
[Result "0-1"]
[WhiteElo "2173"]
[BlackElo "2366"]
[PlyCount "90"]
[EventDate "2017.08.18"]
[EventType "swiss"]
[EventRounds "10"]
[EventCountry "ESP"]
[SourceTitle "Ajedrez en Madrid"]
[Source "lmi"]
[SourceDate "2017.08.18"]

1. d3 c5 2. g3 d5 3. f4 Nf6 4. Nf3 g6 5. Bg2 Bg7 6. O-O O-O 7. c3 Nbd7 8. Na3
Qc7 9. Nh4 e5 10. f5 a6 11. e4 dxe4 12. dxe4 c4 13. g4 Rd8 14. Qe2 b5 15. g5
Nh5 16. Nc2 Bb7 17. Nb4 Nb6 18. Be3 Nf4 19. Qf2 Na4 20. Nd5 Nxd5 21. exd5 Bxd5
22. b3 cxb3 23. axb3 Bxb3 24. Bxa8 Rxa8 25. Rfc1 Bf8 26. Nf3 Nc5 27. Qg3 Bd6
28. Nd2 gxf5 29. Qf3 e4 30. Qxf5 Be6 31. Qf1 Bxh2+ 32. Kh1 Be5 33. Bd4 Nd3 34.
Nxe4 Nxc1 35. Nf6+ Bxf6 36. Qg2 Bxd4 37. Qxa8+ Kg7 38. cxd4 Qc4 39. Qd8 Bd5+
40. Kh2 Qc2+ 41. Kh3 Be6+ 42. Kg3 Ne2+ 43. Kf3 Bg4+ 44. Ke3 Qc3+ 45. Kf2 Qg3+
0-1

[Event "19. Open de Sants Hostafrancs 2017"]
[Site "Barcelona ESP"]
[Date "2017.08.22"]
[Round "5.1"]
[White "Jumabayev, Rinat"]
[Black "Mons, Leon"]
[Result "1-0"]
[WhiteElo "2610"]
[BlackElo "2483"]
[PlyCount "75"]
[EventDate "2017.08.18"]
[EventType "swiss"]
[EventRounds "10"]
[EventCountry "ESP"]
[SourceTitle "Ajedrez en Madrid"]
[Source "lmi"]
[SourceDate "2017.08.18"]

1. e4 e5 2. Nf3 Nc6 3. Bc4 Nf6 4. d3 Be7 5. O-O O-O 6. Re1 d6 7. a3 Nd7 8. Nc3
Nb6 9. Ba2 Kh8 10. b4 a6 11. Be3 f5 12. exf5 Bxf5 13. Bxb6 cxb6 14. Nd2 Nd4 15.
Ne2 Nxe2+ 16. Qxe2 Rc8 17. Nf1 Bg5 18. Ng3 Bd7 19. Bd5 Bc6 20. c4 b5 21. Ne4
bxc4 22. dxc4 Bxd5 23. cxd5 Be7 24. a4 Qd7 25. Reb1 Kg8 26. b5 a5 27. b6 Ra8
28. Rb5 Rfc8 29. g3 Qh3 30. Rb3 Qh6 31. Kg2 Qg6 32. Ra2 Rc1 33. Rc2 Rc8 34.
Rxc1 Rxc1 35. Rb5 h5 36. Rxa5 h4 37. Ra8+ Kh7 38. Qd3 1-0

[Event "19. Open de Sants Hostafrancs 2017"]
[Site "Barcelona ESP"]
[Date "2017.08.22"]
[Round "5.2"]
[White "Grigoryan, Karen H"]
[Black "Karthik, Venkataraman"]
[Result "1/2-1/2"]
[WhiteElo "2570"]
[BlackElo "2316"]
[PlyCount "61"]
[EventDate "2017.08.18"]
[EventType "swiss"]
[EventRounds "10"]
[EventCountry "ESP"]
[SourceTitle "Ajedrez en Madrid"]
[Source "lmi"]
[SourceDate "2017.08.18"]

1. e4 c5 2. Nf3 a6 3. c3 e6 4. d4 d5 5. e5 Bd7 6. Be3 Qb6 7. Qd2 Nh6 8. c4 Nf5
9. dxc5 Bxc5 10. Bxc5 Qxc5 11. cxd5 Qxd5 12. Qxd5 exd5 13. Nc3 Be6 14. O-O-O
Nc6 15. Nxd5 O-O-O 16. Bc4 Na5 17. Nb6+ Kc7 18. Bxe6 fxe6 19. Na4 b6 20. Ng5
Rde8 21. Kb1 Nc6 22. Rc1 h6 23. Nf3 Rd8 24. Rhd1 Rxd1 25. Rxd1 Rf8 26. Nc3 g5
27. Ne2 g4 28. Nd2 Nh4 29. g3 Ng6 30. Ne4 Rf5 31. Rc1 1/2-1/2

[Event "19. Open de Sants Hostafrancs 2017"]
[Site "Barcelona ESP"]
[Date "2017.08.22"]
[Round "5.3"]
[White "Dobrov, Vladimir"]
[Black "Oparin, Grigoriy"]
[Result "1/2-1/2"]
[WhiteElo "2510"]
[BlackElo "2609"]
[PlyCount "43"]
[EventDate "2017.08.18"]
[EventType "swiss"]
[EventRounds "10"]
[EventCountry "ESP"]
[SourceTitle "Ajedrez en Madrid"]
[Source "lmi"]
[SourceDate "2017.08.18"]

1. d4 Nf6 2. c4 e6 3. g3 d5 4. Bg2 Bb4+ 5. Nd2 O-O 6. Ngf3 b6 7. O-O Bb7 8. Ne5
Be7 9. b3 Nbd7 10. Bb2 c5 11. cxd5 exd5 12. Qb1 Re8 13. e3 Bd6 14. Ndc4 Bf8 15.
Rd1 cxd4 16. exd4 Ne4 17. Ne3 Ndf6 18. Qc2 Rc8 19. Qd3 g6 20. Rac1 Qd6 21. f3
Ng5 22. Re1 1/2-1/2

[Event "19. Open de Sants Hostafrancs 2017"]
[Site "Barcelona ESP"]
[Date "2017.08.22"]
[Round "5.4"]
[White "Sturt, Raven M"]
[Black "Agdestein, Simen"]
[Result "0-1"]
[WhiteElo "2444"]
[BlackElo "2604"]
[PlyCount "116"]
[EventDate "2017.08.18"]
[EventType "swiss"]
[EventRounds "10"]
[EventCountry "ESP"]
[SourceTitle "Ajedrez en Madrid"]
[Source "lmi"]
[SourceDate "2017.08.18"]

1. d4 e6 2. c4 Nf6 3. Nf3 b6 4. g3 Ba6 5. Nbd2 Bb7 6. Bg2 c5 7. e4 cxd4 8. e5
Ng4 9. O-O Qc7 10. Re1 f6 11. h3 Nxe5 12. Nxe5 fxe5 13. Bxb7 Qxb7 14. Qh5+ Kd8
15. Nf3 d6 16. Ng5 g6 17. Nxe6+ Kc8 18. Qg4 Qd7 19. b4 Be7 20. b5 Bd8 21. f4
Re8 22. Nxd4 Qxg4 23. hxg4 Nd7 24. Ba3 Bc7 25. Nc6 a6 26. Bb4 axb5 27. cxb5 Kb7
28. Rad1 exf4 29. gxf4 Nf6 30. Rxe8 Rxe8 31. g5 Ne4 32. Rd4 Ng3 33. Kf2 Ne2 34.
Rd1 Nxf4 35. Bxd6 Nh3+ 36. Kf3 Nxg5+ 37. Kf4 h6 38. Bxc7 Kxc7 39. Rc1 Kd6 40.
Rc4 Kd5 41. Rc2 Re4+ 42. Kg3 h5 43. Kf2 h4 44. a4 Rf4+ 45. Kg2 Rg4+ 46. Kf1 h3
47. a5 bxa5 48. Ne7+ Ke6 49. Nxg6 Nf3 50. Rc6+ Kf7 51. Kf2 h2 52. Kxf3 Rxg6 53.
Rc7+ Kg8 54. Rc8+ Kg7 55. Rc7+ Kh6 56. Rc1 Rg1 57. Rc6+ Kg7 58. Rc7+ Kf6 0-1

[Event "19. Open de Sants Hostafrancs 2017"]
[Site "Barcelona ESP"]
[Date "2017.08.22"]
[Round "5.5"]
[White "Petrosyan, Tigran S"]
[Black "Vocaturo, Daniele"]
[Result "1/2-1/2"]
[WhiteElo "2430"]
[BlackElo "2596"]
[PlyCount "156"]
[EventDate "2017.08.18"]
[EventType "swiss"]
[EventRounds "10"]
[EventCountry "ESP"]
[SourceTitle "Ajedrez en Madrid"]
[Source "lmi"]
[SourceDate "2017.08.18"]

1. Nf3 Nf6 2. c4 g6 3. Nc3 Bg7 4. e4 d6 5. d4 O-O 6. Be2 e5 7. Be3 exd4 8. Nxd4
Re8 9. f3 c6 10. Bf2 d5 11. exd5 cxd5 12. c5 Nbd7 13. Nb3 Nh5 14. O-O Nf4 15.
Bb5 a6 16. Bxd7 Bxd7 17. Nxd5 Nxd5 18. Qxd5 Bxb2 19. Rab1 Bb5 20. Rfd1 Qxd5 21.
Rxd5 Bc3 22. Bd4 Bb4 23. Bf2 Rac8 24. h3 Ba4 25. Rc1 a5 26. Rb1 Rcd8 27. Rbd1
Rxd5 28. Rxd5 Bc6 29. Rd1 a4 30. Nd4 Rd8 31. Rb1 Bxc5 32. Nxc6 Bxf2+ 33. Kxf2
bxc6 34. Ke3 c5 35. Rc1 Rb8 36. Rxc5 Rb2 37. g4 Rxa2 38. Ra5 h6 39. h4 a3 40.
Kf4 Ra1 41. Kg3 Kg7 42. Ra6 Ra2 43. Kh3 Ra1 44. Kg3 Kf8 45. Ra7 Ke8 46. Kg2 a2
47. Ra8+ Ke7 48. Ra7+ Kd6 49. Ra8 Ke5 50. Re8+ Kd6 51. Rd8+ Kc7 52. Ra8 Kb7 53.
Ra3 Kb6 54. Ra8 Kb5 55. Rb8+ Kc6 56. Ra8 Kd6 57. Rd8+ Ke7 58. Ra8 f6 59. Ra6 h5
60. gxh5 gxh5 61. Ra8 Ke6 62. Ra7 Ke5 63. Ra4 Kd5 64. Ra8 Kd4 65. Rd8+ Kc4 66.
Rc8+ Kd3 67. Rd8+ Ke3 68. Re8+ Kd4 69. Rd8+ Kc5 70. Rc8+ Kd6 71. Rd8+ Kc7 72.
Ra8 f5 73. Ra7+ Kd6 74. Ra6+ Kc5 75. Ra8 Kb4 76. Rb8+ Kc3 77. Rc8+ Kd3 78. Ra8
Kc4 1/2-1/2

[Event "19. Open de Sants Hostafrancs 2017"]
[Site "Barcelona ESP"]
[Date "2017.08.22"]
[Round "5.6"]
[White "Cruz, Jonathan"]
[Black "Tari, Aryan"]
[Result "1/2-1/2"]
[WhiteElo "2424"]
[BlackElo "2591"]
[PlyCount "53"]
[EventDate "2017.08.18"]
[EventType "swiss"]
[EventRounds "10"]
[EventCountry "ESP"]
[SourceTitle "Ajedrez en Madrid"]
[Source "lmi"]
[SourceDate "2017.08.18"]

1. e4 c6 2. d4 d5 3. Nc3 dxe4 4. Nxe4 Bf5 5. Ng3 Bg6 6. h4 h6 7. Nf3 e6 8. h5
Bh7 9. Bd3 Bxd3 10. Qxd3 Nf6 11. Bd2 Be7 12. O-O-O Nbd7 13. Ne4 Nxe4 14. Qxe4
Nf6 15. Qd3 O-O 16. g4 Nxg4 17. Rhg1 f5 18. Qe2 Kh7 19. Ne5 Bg5 20. Nxg4 fxg4
21. Qxe6 Rxf2 22. Qg6+ Kg8 23. Bxg5 Qxg5+ 24. Qxg5 hxg5 25. Rxg4 Rf5 26. Rdg1
Rd8 27. Rxg5 1/2-1/2

[Event "19. Open de Sants Hostafrancs 2017"]
[Site "Barcelona ESP"]
[Date "2017.08.22"]
[Round "5.7"]
[White "Lorenzo De La Riva, Lazaro"]
[Black "Svetushkin, Dmitry"]
[Result "0-1"]
[WhiteElo "2415"]
[BlackElo "2558"]
[PlyCount "66"]
[EventDate "2017.08.18"]
[EventType "swiss"]
[EventRounds "10"]
[EventCountry "ESP"]
[SourceTitle "Ajedrez en Madrid"]
[Source "lmi"]
[SourceDate "2017.08.18"]

1. Nf3 Nf6 2. g3 d5 3. Bg2 c6 4. O-O Bf5 5. b3 e6 6. Bb2 h6 7. d3 Be7 8. Nbd2
O-O 9. Ne5 Bh7 10. e4 Nbd7 11. Nxd7 Qxd7 12. Qe2 a5 13. a4 Rfd8 14. e5 Ne8 15.
f4 Nc7 16. g4 Na6 17. Rf3 b5 18. Raf1 bxa4 19. bxa4 Rab8 20. Ba1 Rb4 21. f5
Rxa4 22. f6 Bf8 23. fxg7 Bxg7 24. g5 Bg6 25. gxh6 Bxh6 26. Nb3 c5 27. Kh1 Ra2
28. Rg3 a4 29. Na5 Nb4 30. h4 Kh7 31. h5 Bf5 32. Rgf3 Rxc2 33. Qd1 Rd2 0-1